000 01203cam a22003253a 4500
001 1134
005 20230815113543.0
008 110909s1995 nyua j 000 1 eng d
020 _a9780590543385
040 _aEOW
_cEOW
_dOCL
_dBAKER
_dBTCTA
_dKZV
_dZHX
_dAU@
_dFMO
_dVYG
_dCGB
_dDLC
_beng
050 0 0 _aPZ7.B46626
082 _aFic
100 1 _aBetancourt, Jeanne.
245 1 0 _aRunaway pony /
_cJeanne Betancourt ; illustrated by Paul Bachem.
250 _aFirst Scholastic printing, November 1995
260 _aNew York :
_bScholastic,
_c1995.
300 _a83 pages. :
_billustrations. ;
_c20 cm.
490 1 _aPony pals ;
_v7
500 _a"A Little Apple paperback."
505 _aN
520 _a"Lulu's pony, Snow White, is sick. Snow White has strangles and must be kept apart from the other ponies. But the pony does not like being alone at the Baxter farm."--Back cover.
521 _a580
_bLexile
521 _aN
_bRaz-Plus
650 0 _aPonies
_vJuvenile fiction.
650 0 _aFriendship
_vJuvenile fiction.
655 7 _aChildren's stories.
_2lcsh
655 7 _aYoung adult fiction.
_2lcsh
906 _a7
_bcbc
_ccopycat
_d2
_encip
_f20
_gy-genrareb
942 _2ddc
_cBK
_n0
999 _c1134
_d1134